书目信息 |
| 题名: |
天体运行与地震预报
|
|
| 作者: | 徐道一 编著 | |
| 分册: | ||
| 出版信息: | 北京 地震出版社 1980.09 |
|
| 页数: | 94页 | |
| 开本: | 26cm | |
| 丛书名: | ||
| 单 册: | ||
| 中图分类: | P315.7 | |
| 科图分类: | ||
| 主题词: | 岩石--物理学 , 固体地球物理学 | |
| 电子资源: | ||
| ISBN: | ||
| 000 | 00598nam0 2200217 45 | |
| 001 | 0405211618 | |
| 005 | 20040521160552.6 | |
| 010 | @dCNY0.69 | |
| 091 | @a13180.83 | |
| 100 | @a20040521d1980 km y0chiy0120 ea | |
| 101 | 0 | @achi |
| 105 | @a z 000yy | |
| 200 | 1 | @a天体运行与地震预报@ATian Ti Yun Xing Yu Di Zhen Yu Bao@f徐道一等编著@FXu Dao Yi Deng Bian Zhu |
| 210 | @a北京@c地震出版社@d1980.09 | |
| 215 | @a94页@d26cm | |
| 606 | 0 | @a岩石@x物理学 |
| 606 | 0 | @a固体地球物理学 |
| 690 | @aP315.7@v3 | |
| 701 | 0 | @a徐道一@4编著 |
| 801 | @aCN@bPftUser@c20040521 | |
| 905 | @f1@b50771@dP315.7@e6 | |
| 天体运行与地震预报/徐道一等编著.-北京:地震出版社,1980.09 |
| 94页;26cm |
| ISBN :CNY0.69 |
| ● |
| 相关链接 |
|
|
|
|
正题名:天体运行与地震预报
索取号:P315.7/6
 
预约/预借
| 序号 | 登录号 | 条形码 | 馆藏地/架位号 | 状态 | 备注 |
| 1 | 0050771 | 000626184 | 第三借阅区/ [索取号:P315.7/6] | 在馆 | |
| 2 | 0050772 | 000626175 | 第二样本阅览室/ [索取号:P315.7/6] | 在馆 |